000 01496cam a22003854a 4500
001 14366082
003 OSt
005 20151013120405.0
008 060505s2006 enka b 001 0 eng
010 _a 2006014915
015 _aGBA603697
_2bnb
016 7 _a013354043
_2Uk
020 _a0199272530
020 _a9780199272532
035 _a(OCoLC)ocm62532461
035 _a(OCoLC)62532461
040 _aDLC
_cDLC
_dUKM
_dBAKER
_dBWKUK
_dYDXCP
_dOCLCQ
_dCOO
_dBTCTA
_dDLC
042 _apcc
050 0 0 _aLC191
_b.E4247 2006
082 0 0 _a306.43
_222
245 0 0 _aEducation, globalization, and social change /
_cedited by Hugh Lauder ... [et al.].
246 1 4 _aEducation, globalization, & social change
260 _aOxford ;
_aNew York :
_bOxford University Press,
_c2006.
300 _axxvii, 1182 p. :
_bill. ;
_c25 cm.
504 _aIncludes bibliographical references (p. [1039]-1104) and index.
650 0 _aEducational sociology.
650 0 _aEducation
_xPolitical aspects.
650 0 _aGlobalization.
700 1 _aLauder, Hugh,
_d1948-
856 4 1 _3Table of contents
_uhttp://www.loc.gov/catdir/toc/ecip0613/2006014915.html
856 4 2 _3Publisher description
_uhttp://www.loc.gov/catdir/enhancements/fy0725/2006014915-d.html
906 _a7
_bcbc
_corignew
_d1
_eecip
_f20
_gy-gencatlg
942 _2lcc
_cBK
999 _c250494
_d250494